• 首页
  • 本馆介绍
  • 公告通知
  • 最新文献
  • 馆藏检索
  • 电子资源
  • 读者导购
  • 参考咨询
  • 我的图书馆
  • 登录
  • 详细信息显示
  • 放入我的书架
  • 预约/预借图书
  • 作者相关作品
  • 分类相关作品
  • 丛书相关作品
  • 出版社相关作品

书目信息

  • 表格格式
  • 工作单格式
  • 卡片格式
书名: Archaeology
作者: Colin Renfrew, Paul Bahn.
分册号:
分册名:
出版地: London :
 
出版社: Thames and Hudson
出版时间: 1996.
页数: 608 p. :
开本: 23 cm.
丛书名:
中图分类号:
科图分类号:
其他分类号: K85
主题词:
电子资源:
000 00994cam a2200301 a 450
001 E0753447750
005 20070401145253.50
008 960624s1996 enkab b 001 0 eng
010    @a95070511
020    @a0500278679.
035    @A(DLC) 95070511
040    @aDLC@cDLC
050 00 @aCC165@b.R46 1996
082 00 @a930.1@2 20
090    @aK85
099    @dK85@ex12=2
100 1  @aRenfrew, Colin,@d1937-
245 10 @aArchaeology :@btheories, methods, and practice / @cColin Renfrew, Paul Bahn.
250    @a2nd ed.
260    @aLondon :@bThames and Hudson,@c1996.
300    @a608 p. :@bill., maps (some col.) ;@c23 cm.
504    @aIncludes bibliographical references and index.
650  0 @aArchaeology@vTextbooks.
700 1  @aBahn, Paul G.
906    @a7@bcbc@corignew@d2@eopcn@f19@gy-gencatlg
922    @aco
955    @apb21 06-24-96 to hlcd; lj11 to subj. 07-09-96; lk29 07-09-96; lk46 07-11-96
991    @bc-GenColl@hCC165@i.R46 1996@p00036337369@tCopy 1@wBOOKS
    
    Archaeology : : theories, methods, and practice / / Colin Renfrew, Paul Bahn.-2nd ed.-London : : Thames and Hudson, , 1996.
    608 p. : : ill., maps (some col.) ; ; 23 cm.
    Includes bibliographical references and index.
    
    ISBN 0500278679.
    
●
相关链接 在E读中查询图书 在五车中查询图书 在当当中查询图书 在豆瓣中查询图书


正题名:Archaeology     索取号:K85/x12=2         预约/预借

序号 登录号 条形码 馆藏地/架位号 状态 备注
1 0003846   300038466   第二样本阅览室/ [索取号:K85/x12=2] 在馆    
2 0003847   300038475   第四借阅区/ [索取号:K85/x12=2] 在馆    
唐山师范学院图书馆 欢迎您!
大连网信软件有限公司© 版权所有